[Event "BL2 West 1617 (Women)"]
[Site "Germany"]
[Date "2017.02.12"]
[Round "5.3"]
[White "Rosenfeld, Tatjana"]
[Black "Solberg, Kirsten"]
[Result "1/2-1/2"]
[WhiteElo "2079"]
[BlackElo "1937"]
[PlyCount "45"]
[EventDate "2016.10.22"]
[EventType "team-tourn"]
[EventRounds "7"]
[EventCountry "GER"]
[SourceTitle "EXT 2018"]
[Source "ChessBase"]
[SourceDate "2017.10.13"]
[SourceVersion "1"]
[SourceVersionDate "2017.10.13"]
[SourceQuality "1"]
[WhiteTeam "Muelheim Nord (W)"]
[BlackTeam "Wattenscheid (W)"]
[WhiteTeamCountry "GER"]
[BlackTeamCountry "GER"]

1. d4 d5 2. Nf3 Nf6 3. Bg5 e6 4. e3 Be7 5. Bd3 Nbd7 6. 0-0 0-0 7. c4 Ne4 8. Bxe7 Qxe7 9. Nc3 Nxc3 10. bxc3 e5 11. Nxe5 Nxe5 12. dxe5 dxc4 13. Bxc4 Qxe5 14. Qb3 Rb8 15. Rad1 Be6 16. Bxe6 Qxe6 17. Qxe6 fxe6 18. Rd7 Rf7 19. Rfd1 Rbf8 20. f4 Rxd7 21. Rxd7 Rf7 22. Rd8+ Rf8 23. Rd7 1/2-1/2

[Event "BL2 West 1213 (Women)"]
[Site "Germany"]
[Date "2013.03.10"]
[Round "7.1"]
[White "Zschischang, Marine"]
[Black "Rosenfeld, Tatjana"]
[Result "1-0"]
[WhiteElo "2075"]
[BlackElo "2093"]
[PlyCount "95"]
[EventDate "2012.10.06"]
[EventType "team-tourn"]
[EventRounds "7"]
[EventCountry "GER"]
[SourceTitle "EXT 2018"]
[Source "ChessBase"]
[SourceDate "2017.10.13"]
[SourceVersion "1"]
[SourceVersionDate "2017.10.13"]
[SourceQuality "1"]
[WhiteTeam "Lehrte (W)"]
[BlackTeam "Muelheim Nord (W) II"]
[WhiteTeamCountry "GER"]
[BlackTeamCountry "GER"]

1. f4 d5 2. Nf3 c5 3. e3 Nc6 4. b3 Bg4 5. Bb2 Nf6 6. Bb5 e6 7. Bxc6+ bxc6 8. d3 Bd6 9. 0-0 0-0 10. Qe1 d4 11. exd4 Bxf4 12. Ne5 Bxe5 13. dxe5 Nd5 14. Ba3 Nb4 15. Qf2 Qd5 16. Nc3 Qxe5 17. Ne4 a5 18. Nxc5 Qe2 19. Nd7 Qxf2+ 20. Rxf2 Rfe8 21. Bxb4 axb4 22. Ne5 Bh5 23. Nxc6 Ra3 24. Nxb4 Bg6 25. Rd1 Rb8 26. Nc6 Rba8 27. Nb4 Rb8 28. c3 Rc8 29. c4 Rb8 30. Nc6 Rba8 31. Rdd2 f6 32. Ne7+ Kf7 33. Nxg6 Kxg6 34. d4 Kf7 35. Rfe2 Ke7 36. Kf2 Kd6 37. Ke3 f5 38. Kd3 g5 39. Kc3 h5 40. c5+ Kd7 41. Kc4 f4 42. d5 e5 43. Rxe5 Rxa2 44. Rxa2 Rxa2 45. Rxg5 f3 46. gxf3 Rxh2 47. Rg7+ Kd8 48. d6 1-0

[Event "BL2 West 1213 (Women)"]
[Site "Germany"]
[Date "2013.03.09"]
[Round "6.1"]
[White "Rosenfeld, Tatjana"]
[Black "Diederichs, Luise"]
[Result "1-0"]
[WhiteElo "2093"]
[BlackElo "1827"]
[PlyCount "49"]
[EventDate "2012.10.06"]
[EventType "team-tourn"]
[EventRounds "7"]
[EventCountry "GER"]
[SourceTitle "EXT 2018"]
[Source "ChessBase"]
[SourceDate "2017.10.13"]
[SourceVersion "1"]
[SourceVersionDate "2017.10.13"]
[SourceQuality "1"]
[WhiteTeam "Muelheim Nord (W) II"]
[BlackTeam "Harksheide (W)"]
[WhiteTeamCountry "GER"]
[BlackTeamCountry "GER"]

1. d4 d5 2. Nf3 c6 3. e3 Nf6 4. c4 Bf5 5. Nc3 e6 6. Qb3 Qb6 7. c5 Qc7 8. Be2 Nbd7 9. Bd2 Rb8 10. Qd1 e5 11. Nh4 Bg6 12. f4 exf4 13. exf4 Be4 14. 0-0 b6 15. b4 bxc5 16. bxc5 Nxc5 17. dxc5 Bxc5+ 18. Kh1 h6 19. Nxe4 Nxe4 20. Bd3 0-0 21. Bxe4 dxe4 22. Nf5 Kh7 23. Qc2 Rfd8 24. Qxc5 Rxd2 25. Qc3 1-0

[Event "BL2 West 0708 (Women)"]
[Site "Germany"]
[Date "2008.03.15"]
[Round "6.2"]
[White "Rosenfeld, Tatjana"]
[Black "Voss, Chantal"]
[Result "1-0"]
[WhiteElo "2113"]
[BlackElo "1965"]
[PlyCount "107"]
[EventDate "2007.11.10"]
[EventType "team-tourn"]
[EventRounds "7"]
[EventCountry "GER"]
[SourceTitle "EXT 2009"]
[Source "ChessBase"]
[SourceDate "2008.11.26"]
[SourceVersion "1"]
[SourceVersionDate "2008.11.26"]
[SourceQuality "1"]
[WhiteTeam "Krefeld (W)"]
[BlackTeam "Schott Mainz (W) II"]
[WhiteTeamCountry "GER"]
[BlackTeamCountry "GER"]

1. d4 d5 2. Nf3 c6 3. e3 Nf6 4. c4 e6 5. Nc3 Nbd7 6. Bd3 dxc4 7. Bxc4 b5 8. Bd3 Bb7 9. 0-0 a6 10. a4 b4 11. Ne2 Bd6 12. e4 e5 13. Ng3 0-0 14. Nf5 Bc7 15. Bg5 exd4 16. Re1 Re8 17. Bc4 h6 18. Bh4 Ne5 19. Rc1 d3 20. Qd2 Bc8 21. Nxe5 Bxe5 22. Bxd3 Bxf5 23. exf5 Qd4 24. Bxf6 Bxf6 25. Qc2 Qxb2 26. Rxe8+ Rxe8 27. Qxc6 Rd8 28. Bxa6 Bd4 29. Rf1 b3 30. Qc7 Re8 31. Bc4 Rf8 32. Qb7 Qc2 33. Qxb3 Qxf5 34. Qd3 Qf6 35. a5 Be5 36. a6 Rd8 37. Qe2 Qd6 38. h3 Bd4 39. Qf3 Qf6 40. Qxf6 Bxf6 41. Rb1 Rd7 42. Rb8+ Kh7 43. Rf8 Kg6 44. Rxf7 Rd1+ 45. Kh2 Be5+ 46. g3 Ra1 47. Rd7 Bb8 48. Rb7 Be5 49. Rd7 Bb8 50. Kg2 Ra3 51. Kf1 Ra4 52. Bd3+ Kf6 53. Ke2 Ra3 54. Ke3 1-0

[Event "BL2 West 0708 (Women)"]
[Site "Germany"]
[Date "2008.01.13"]
[Round "5.1"]
[White "Rosenfeld, Tatjana"]
[Black "Wirths, Clara"]
[Result "0-1"]
[WhiteElo "2113"]
[BlackElo "1984"]
[PlyCount "112"]
[EventDate "2007.11.10"]
[EventType "team-tourn"]
[EventRounds "7"]
[EventCountry "GER"]
[SourceTitle "EXT 2009"]
[Source "ChessBase"]
[SourceDate "2008.11.26"]
[SourceVersion "1"]
[SourceVersionDate "2008.11.26"]
[SourceQuality "1"]
[WhiteTeam "Krefeld (W)"]
[BlackTeam "Wattenscheid (W)"]
[WhiteTeamCountry "GER"]
[BlackTeamCountry "GER"]

1. d4 Nf6 2. Nf3 e6 3. c4 b6 4. Nc3 Bb4 5. Bd2 Bb7 6. e3 0-0 7. Bd3 d6 8. Qc2 Nbd7 9. 0-0 e5 10. d5 Nc5 11. e4 Nh5 12. Rfe1 Bc8 13. Bg5 f6 14. Bd2 Bxc3 15. Qxc3 f5 16. b4 Nxd3 17. Qxd3 fxe4 18. Qxe4 Nf4 19. Bxf4 Rxf4 20. Qd3 Qf6 21. Nd2 Bf5 22. Qe3 Rf8 23. Rac1 Qg6 24. a3 Bg4 25. Ne4 Bf3 26. Ng3 h5 27. gxf3 h4 28. Rc3 hxg3 29. hxg3 Rxf3 30. Qxf3 Rxf3 31. Rxf3 Qc2 32. c5 bxc5 33. bxc5 Qxc5 34. Rb1 Qxd5 35. Rb8+ Kh7 36. Rff8 Qd1+ 37. Kg2 Qd5+ 38. Kg1 Qd1+ 39. Kg2 e4 40. Rbe8 Qd5 41. Kf1 Qd3+ 42. Kg2 d5 43. Rf7 Qxa3 44. Ree7 Qb2 45. Rxc7 a5 46. Ra7 e3 47. Kf1 Qc1+ 48. Kg2 e2 49. Rxg7+ Kh6 50. Rh7+ Kg6 51. Rhg7+ Kf5 52. g4+ Ke4 53. Rae7+ Kd3 54. Re3+ Qxe3 55. fxe3 e1Q 56. Re7 Qh4 0-1

[Event "BL2 Gr01 0506 (Women)"]
[Site "Germany"]
[Date "2005.10.30"]
[Round "2.2"]
[White "Katte, Isabel"]
[Black "Rosenfeld, Tatjana"]
[Result "1/2-1/2"]
[WhiteElo "1828"]
[BlackElo "2038"]
[PlyCount "33"]
[EventDate "2005.10.29"]
[EventType "team-tourn"]
[EventRounds "7"]
[EventCountry "GER"]
[SourceTitle "EXT 2007"]
[Source "ChessBase"]
[SourceDate "2006.11.23"]
[SourceVersion "1"]
[SourceVersionDate "2006.11.23"]
[SourceQuality "1"]
[WhiteTeam "Schott Mainz (W)"]
[BlackTeam "Krefeld Turm (W)"]
[WhiteTeamCountry "GER"]
[BlackTeamCountry "GER"]

1. e4 e6 2. d4 d5 3. exd5 exd5 4. Bf4 c5 5. Bb5+ Nc6 6. Qe2+ Be6 7. Nf3 Be7 8. 0-0 Nf6 9. Ng5 Bf5 10. Re1 cxd4 11. Nd2 Kf8 12. Bxc6 bxc6 13. Ndf3 Ne4 14. Nxf7 Kxf7 15. Ne5+ Kg8 16. Nxc6 Qd7 17. Nxe7+ 1/2-1/2

[Event "Oberliga NRW 0405"]
[Site "Germany"]
[Date "2005.01.09"]
[Round "5.8"]
[White "Rosenfeld, Tatjana"]
[Black "Neumann, Carsten"]
[Result "1/2-1/2"]
[WhiteElo "2110"]
[BlackElo "2232"]
[PlyCount "116"]
[EventDate "2004.10.10"]
[EventType "team-tourn"]
[EventRounds "9"]
[EventCountry "GER"]
[SourceTitle "EXT 2006"]
[Source "ChessBase"]
[SourceDate "2005.11.24"]
[SourceVersion "1"]
[SourceVersionDate "2005.11.24"]
[SourceQuality "1"]
[WhiteTeam "Gerresheim"]
[BlackTeam "Dortmund Hansa"]
[WhiteTeamCountry "GER"]
[BlackTeamCountry "GER"]

1. d4 d6 2. e4 Nf6 3. Nc3 g6 4. g3 Bg7 5. Bg2 0-0 6. Nge2 e5 7. h3 Nc6 8. Be3 exd4 9. Nxd4 Bd7 10. 0-0 a6 11. a4 Re8 12. Qd2 Ne5 13. Qe2 Rb8 14. f4 Nc6 15. Qf2 Nxd4 16. Bxd4 c5 17. Be3 Bc6 18. Rad1 Qb6 19. Rxd6 Qxb2 20. Nd1 Qa2 21. e5 Ne4 22. Bxe4 Bxe4 23. Rd2 Bc6 24. Bxc5 Qxa4 25. Re1 Qc4 26. Bb6 Qe6 27. Kh2 Bf8 28. Bc5 Bxc5 29. Qxc5 Rbd8 30. Ree2 h5 31. Nf2 Bb5 32. Nd3 Rd5 33. Qb4 Rc8 34. Rf2 Rc4 35. Qb1 Qd7 36. Qd1 Rcd4 37. Qf3 Bxd3 38. cxd3 Rxd3 39. Rxd3 Rxd3 40. Qe2 Qd5 41. f5 Rd1 42. Rg2 Qd3 43. fxg6 Qxe2 44. gxf7+ Kxf7 45. Rxe2 Ke6 46. Rb2 Rd7 47. Rb6+ Kxe5 48. Rh6 Rd2+ 49. Kg1 Rb2 50. Rxh5+ Ke4 51. g4 Kf4 52. g5 Kf5 53. h4 Kg6 54. Rh6+ Kg7 55. h5 a5 56. Rg6+ Kf7 57. Rh6 Kg7 58. Rg6+ Kh7 1/2-1/2

[Event "GER-chT2 (Women) 0405"]
[Site "Germany"]
[Date "2004.11.06"]
[Round "1"]
[White "Hund, Isabel"]
[Black "Rosenfeld, Tatjana"]
[Result "1-0"]
[WhiteElo "2092"]
[BlackElo "2110"]
[PlyCount "75"]
[EventDate "2004.11.06"]
[EventType "team-tourn"]
[EventRounds "9"]
[EventCountry "GER"]
[SourceTitle "EXT 2006"]
[Source "ChessBase"]
[SourceDate "2005.11.24"]
[SourceVersion "1"]
[SourceVersionDate "2005.11.24"]
[SourceQuality "1"]

1. e4 e6 2. d3 d5 3. Nd2 Nf6 4. Ngf3 c5 5. g3 Nc6 6. Bg2 Be7 7. 0-0 0-0 8. Re1 b5 9. e5 Nd7 10. Nf1 Qc7 11. Bf4 a5 12. h4 a4 13. N1h2 a3 14. b3 Bb7 15. Ng4 c4 16. Ng5 Bxg5 17. hxg5 g6 18. Bxd5 cxd3 19. cxd3 Nd4 20. Rc1 Qb6 21. Bxb7 Qxb7 22. Re4 Nf5 23. Nf6+ Kh8 24. g4 Ne7 25. Qf3 Rfc8 26. Qh3 Nf8 27. Rf1 Rc2 28. Kg2 Nd5 29. Kf3 Rd8 30. Rh1 Nxf6 31. gxf6 Rxd3+ 32. Be3 h5 33. Qg3 Kg8 34. gxh5 Rcc3 35. Qg5 Nd7 36. hxg6 Nxe5+ 37. Qxe5 Rxe3+ 38. fxe3 1-0

[Event "BL2 West 0203 (Women)"]
[Site "Germany"]
[Date "2003.??.??"]
[Round "5"]
[White "Hund, Isabel"]
[Black "Rosenfeld, Tatjana"]
[Result "0-1"]
[WhiteElo "2108"]
[BlackElo "2104"]
[PlyCount "78"]
[EventDate "2002.10.??"]
[EventType "team-tourn"]
[EventRounds "7"]
[EventCountry "GER"]
[SourceTitle "EXT 2006"]
[Source "ChessBase"]
[SourceDate "2005.11.24"]
[SourceVersion "1"]
[SourceVersionDate "2005.11.24"]
[SourceQuality "1"]

1. e4 e6 2. d3 d5 3. Nd2 Nf6 4. Ngf3 c5 5. g3 Nc6 6. Bg2 Be7 7. 0-0 0-0 8. Re1 Qc7 9. e5 Nd7 10. Qe2 b5 11. Nf1 a5 12. Bf4 a4 13. h4 b4 14. N1h2 Ba6 15. Ng5 Nd4 16. Qh5 Bxg5 17. hxg5 Nxc2 18. Ng4 Bxd3 19. Nf6+ Nxf6 20. gxf6 Bg6 21. Qh2 Nd4 22. g4 Rfc8 23. Bh6 gxf6 24. Bf4 Qd8 25. Qh6 Nc6 26. Qh2 fxe5 27. Bxe5 Nxe5 28. Qxe5 Qf8 29. f4 Qg7 30. f5 exf5 31. gxf5 f6 32. Qxd5+ Bf7 33. Qb7 Rab8 34. Qa7 Qg4 35. Rad1 Rd8 36. Qxa4 Kh8 37. Rxd8+ Rxd8 38. Qc2 Qd4+ 39. Kh1 Qh4+ 0-1

[Event "Czestochowa op"]
[Site "Czestochowa"]
[Date "1992.??.??"]
[Round "9"]
[White "Rosenfeld, Tatjana"]
[Black "Sopur, Lech"]
[Result "0-1"]
[WhiteElo "2080"]
[BlackElo "2355"]
[PlyCount "56"]
[EventDate "1992.??.??"]
[EventType "swiss"]
[EventRounds "9"]
[EventCountry "POL"]
[SourceTitle "TD"]
[Source "ChessBase"]
[SourceDate "1994.03.01"]
[SourceVersion "1"]
[SourceVersionDate "1994.03.01"]
[SourceQuality "1"]

1. d4 c5 2. e3 cxd4 3. exd4 d5 4. Bd3 Nc6 5. c3 g6 6. Bf4 Bg7 7. Nd2 Nh6 8. Ngf3 0-0 9. 0-0 f6 10. Re1 Nf7 11. Bg3 e5 12. dxe5 fxe5 13. Bb5 e4 14. Bxc6 bxc6 15. Nd4 Qb6 16. Nf1 c5 17. Ne2 d4 18. cxd4 cxd4 19. Qa4 Bb7 20. Rad1 Rad8 21. Nd2 Rfe8 22. Nc4 Qa6 23. Qxa6 Bxa6 24. Na5 Bxe2 25. Rxe2 d3 26. Red2 Bh6 27. Nc6 Rc8 28. Nxa7 Bxd2 0-1